| 000 | 00469nam a2200145 a 4500 | ||
|---|---|---|---|
| 001 | 000029361 | ||
| 005 | 20200930055512.0 | ||
| 008 | 110415s1991 dr a 000 p spa d | ||
| 040 |
_aDO-SdBNP _bspa _cBNPHU |
||
| 082 |
_axxx _bG594a |
||
| 100 | 1 |
_aGoede, Johanna, _d1955- _951482 |
|
| 245 | 1 | 0 |
_aAún no se que nombre ponerle / _cJohanna Goede. |
| 260 |
_aSantiago de los Caballeros, República Dominicana : _bImpresora Central, _c1991. |
||
| 300 |
_a[65 p.] : _bil. ; _c22 cm. |
||
| 999 |
_c28853 _d28853 |
||